000 03374nam a22003617a 4500
005 2012070402212.0
008 120704t xxu||||| |||| 00| 0 hin d
010 _aB-471437, B-477914-919
020 _c325.00
_a9789381067192
035 _aB-471437, B-477914-919
037 _bके.के. पब्लिकेशंस
040 _aDPL
_bHN
082 _a372.954
100 _924598
_aत्रिपाठी, विनायक
245 _aसर्व शिक्षा अभियानः
_cविनायक त्रिपाठी
_b(सभी के लिए शिक्षा) /
246 _asarv Shiksha Abhiyan
_bby Vinayak Tripathi
260 _aदिल्ली
_bआर्या पब्लिकेशन्स
_c2012
270 _bदिल्ली
_aए-20, गली न.4, हरदेव पुरी, 100 फुटा रोड़,पंजाब नैशनल बैंक के सामने
_e110093
_k011- 22813582
_maaryapub@yahoo.in
300 _a144पृ.
_c22सेमी (सजिल्द)
650 _91169
650 _929580
700 _924599
700 _924924
942 _2ddc
_cHN
_mत्रिपाठी
_h372.954
999 _c68322
_d68322